Науково-педагогічна та мистецтвознавча діяльність Івана Старчука (1894–1950 рр.) (Запис № 460674)
[ простий вигляд ]
| 000 -Лідер | |
|---|---|
| fixed length control field | 03031nam a22002657a 4500 |
| 001 - Контрольний номер | |
| control field | 216218735 |
| 003 - Ідентифікатор контрольного номера | |
| control field | UA-OsUOA |
| 005 - Дата та час останнього входження (трансакції) | |
| control field | 20201229193024.0 |
| 008 - Елементи даних фіксованої довжини – загальна інформація | |
| fixed length control field | 200703b un ||||| m||| 00| 0 ukr d |
| 040 ## - Джерело каталогізації | |
| Агенція оригінальної каталогізації | UA-OsUOA |
| Мова каталогізації | ukr |
| Агенція, яка здійснювала перезапис | UA-OsUOA |
| Агенція, яка здійснювала модифікацію | UA-OsUOA |
| 041 ## - Код мови | |
| Код мови тексту/ звукової доріжки чи окремого заголовка (П) | ukr |
| 080 ## - Індекс Універсальної десяткової класифікації | |
| Індекс Універсальної десяткової класифікації (УДК) (НП) | 94:001(092)(477) |
| 090 ## - Локальний шифр розміщення | |
| Класифікаційний індекс УДК | 94:001(092)(477) |
| 095 ## - Код спеціальності для авторефератів | |
| Код спеціальності | 07.00.01 |
| Назва спеціальності | історія України |
| 100 ## - Основне введення – ім’я особи | |
| Ім’я особи (НП) | Гринюка Б. М. |
| 245 ## - Відомості про назву | |
| Назва (НП) | Науково-педагогічна та мистецтвознавча діяльність Івана Старчука (1894–1950 рр.) |
| Дані про відповідальність (НП) | Гринюка Богдан Михайлович ; наук. керівник Зуляк Іван Степанович |
| 260 ## - Публікація, розповсюдження і т.п. (Вихідні дані) | |
| Місце публікації, розповсюдження і т.п. (П) | Тернопіль |
| Дата публікації, розповсюдження і т.п. (П) | 2016 |
| 300 ## - Фізичний опис | |
| Обсяг | 19 с. |
| 502 ## - Примітка про дисертацію | |
| Зв'язок | Автореферат дисертації на здобуття наукового ступеня кандидата історичних наук<br/> |
| Наймення інституції, що представляється | Тернопільський національний педагогічний університет імені Володимира Гнатюка |
| Рік отримання вченого ступеня | 2016 |
| 520 ## - Резюме і т.п. | |
| Резюме, реферат, анотація, тощо (НП) | У дисертації здійснено комплексне й всебічне дослідження науково-педагогічної та мистецтвознавчої діяльності Івана Старчука (1894–1950 рр.). Проаналізовано формування його світогляду як особистості, науковця, педагога та мистецтвознавця. Висвітлено наукову діяльність ученого у складі етнографічної комісії НТШ та Львівському університеті ім. Я. Казимира. Охарактеризовано його співпрацю з українськими й закордонними установами, науковими діячами. З’ясовано внесок І. Старчука в розвиток археології, проаналізовано його археологічну діяльність у вивченні літописних Галича і Пліснеська. Розкрито педагогічну працю ученого на посаді вчителя приватних шкіл міжвоєнного Львова, Львівському університеті ім. Я. Казимира, Львівському державному університеті ім. І. Франка. Висвітлено його внесок в українське мистецтвознавство та мистецтво першої половини XX ст. Проаналізовано праці І. Старчука, присвячені античному мистецтву. |
| 650 ## - Додаткове предметне введення – тематичний термін | |
| Джерело заголовка чи терміна | UDC |
| Тематичний термін чи географічна назва, як елемент введення (НП) | 94 Історія |
| 942 ## - Додаткові елементи входу (Коха) | |
| Source of classification or shelving scheme | Universal Decimal Classification |
| Тип елемента Koha | Автореферат |
| 955 ## - Код типу видання за змістом | |
| Код типу видання за змістом (НП) | Наукові видання |
Немає доступних примірників.